[Event "Autumn I"]
[Site "Alushta UKR"]
[Date "2002.09.15"]
[Round "1"]
[White "Solovjov,S"]
[Black "Potapov,A1"]
[Result "1/2-1/2"]
[WhiteElo "2457"]
[BlackElo "2515"]

1.e4 e5 2.Nf3 Nc6 3.Bb5 a6 4.Ba4 Nf6 5.O-O b5 6.Bb3 Bb7 7.c3 Nxe4 8.d4 Na5
9.Bc2 exd4 10.b4 Nc4 11.Bxe4 Bxe4 12.Re1 d5 13.Qxd4 Be7 14.Qxg7 Bf6 15.Qh6 Rg8
16.a4 Rg6 17.Qh5 bxa4 18.Nbd2 Nxd2 19.Nxd2 Rxg2+ 20.Kh1 Rg6+ 21.f3 Bxc3 22.Nxe4 Bxe1
23.Bg5 Qc8 24.Rxe1 dxe4 25.Rxe4+ Kf8 26.Qxh7 Rxg5 27.Qh8+  1/2-1/2

[Event "Autumn I"]
[Site "Alushta UKR"]
[Date "2002.09.16"]
[Round "3"]
[White "Kaiumov,D"]
[Black "Potapov,A1"]
[Result "1/2-1/2"]
[WhiteElo "2460"]
[BlackElo "2515"]

1.e4 e5 2.Nf3 Nc6 3.Bb5 a6 4.Ba4 Nf6 5.O-O b5 6.Bb3 Bb7 7.d3 Bd6 8.a4 O-O
9.Bg5 h6 10.Bh4 Be7 11.axb5 axb5 12.Rxa8 Bxa8 13.Nc3 b4 14.Bxf6 Bxf6 15.Nd5 Na5
16.c3 bxc3 17.bxc3 Nxb3 18.Qxb3 Bxd5 19.Qxd5 d6 20.Rb1 Qa8 21.Qb3 Rd8 22.c4 c6
23.g3 d5 24.h4 dxe4 25.dxe4 Qa7 26.Kg2 h5 27.Rb2 Ra8 28.Qb6 Qa4 29.Rb4 Qd1
30.Rb1 Qd7 31.Qc5 Qe6 32.Rb6 Rc8 33.Ra6 Kh7 34.Ra7 Kg8 35.Qb4 Rd8 36.Rc7 Rd3
37.Qb8+ Rd8 38.Qb4  1/2-1/2

[Event "Autumn I"]
[Site "Alushta UKR"]
[Date "2002.09.18"]
[Round "6"]
[White "Yagupov,I"]
[Black "Potapov,A1"]
[Result "1-0"]
[WhiteElo "2460"]
[BlackElo "2515"]

1.e4 e5 2.Nf3 Nc6 3.Bb5 a6 4.Ba4 Nf6 5.O-O b5 6.Bb3 Bb7 7.d3 Bd6 8.c3 O-O
9.a4 Re8 10.Ng5 Rf8 11.f4 h6 12.Nxf7 Rxf7 13.Bxf7+ Kxf7 14.fxe5 Nxe5 15.d4 Kg8
16.Qe2 Ng6 17.e5 Qe8 18.axb5 Nh4 19.bxa6 Bxg2 20.Rxf6 gxf6 21.Qg4+ Ng6 22.Kxg2 fxe5
23.Bxh6 exd4 24.cxd4 Kh7 25.Bg5 Bf4 26.Nc3 Bxg5 27.Qxg5 Qe6 28.a7 Qb3 29.Kh1 Qb7+
30.d5 Rxa7 31.Rf1 Ra6 32.h4 Qxb2 33.h5 Nh8 34.Qe7+ Kh6 35.Qf8+ Kh7 36.Qf5+ Kh6
37.Qf4+ Kh7 38.Qe4+ Kh6 39.Qe3+ Kg7 40.Qe5+ Kh7 41.Rg1 Ng6 42.hxg6+ Rxg6
43.Qe7+ Kh6 44.Qf8+  1-0

[Event "ECC"]
[Site "Halkidiki GRE"]
[Date "2002.09.26"]
[Round "5"]
[White "Timofeev,Ar"]
[Black "Belozerov,A"]
[Result "1-0"]
[WhiteElo "2558"]
[BlackElo "2541"]

1.e4 e5 2.Nf3 Nc6 3.Bb5 a6 4.Ba4 Nf6 5.O-O b5 6.Bb3 Bb7 7.d3 Be7 8.Nbd2 O-O
9.Re1 Re8 10.Nf1 Bf8 11.Bg5 Na5 12.Ne3 Nxb3 13.axb3 d6 14.h3 h6 15.Bh4 Bc8
16.c4 Bd7 17.Qc2 c5 18.Bxf6 Qxf6 19.Nd5 Qd8 20.cxb5 Bxb5 21.Nd2 Ra7 22.Nc4 g6
23.b4 cxb4 24.Nxb4 f5 25.Na3 Rf7 26.Nxb5 axb5 27.Qc6 Bg7 28.Qxb5 Ref8 29.Re2 h5
30.Nd5 Qh4 31.Qb6 f4 32.f3 Kh7 33.b4 Rc8 34.Qf2 Qd8 35.b5 Rc5 36.Rb1 Rb7
37.b6 Qc8 38.Rbb2 Qc6 39.Rec2 g5 40.Rxc5 dxc5 41.Ra2 Qb5 42.Qc2 Bf8 43.Qb2 Qxd3
44.Ra7 Rxa7 45.bxa7 Qa6 46.Qb8 Qa1+ 47.Kh2 Qe1 48.Nf6+ Kg6 49.Qe8+ Kxf6 50.Qxf8+ Ke6
51.Qf5+  1-0

[Event "TCh-AUT B"]
[Site "Mitte AUT"]
[Date "2002.10.11"]
[Round "6"]
[White "Kaspret,G"]
[Black "Winiwarter,F"]
[Result "1-0"]
[WhiteElo "2278"]
[BlackElo "2191"]

1.e4 e5 2.Nf3 Nc6 3.Bb5 a6 4.Ba4 Nf6 5.O-O b5 6.Bb3 Bb7 7.d3 Be7 8.Nc3 d6
9.a4 b4 10.Nd5 Nxd5 11.Bxd5 Na5 12.Bxb7 Nxb7 13.d4 Bf6 14.c3 bxc3 15.bxc3 O-O
16.Ba3 Re8 17.Rb1 Na5 18.Bb4 Nc6 19.d5 Nb8 20.Nd2 Qc8 21.Nc4 Be7 22.f4 exf4
23.Rxf4 Bg5 24.Rg4 Bf6 25.Qf3 Nd7 26.Rf1 a5 27.Ba3 Qa6 28.e5 dxe5 29.Nd2 Kh8
30.Ne4 Qb7 31.Kh1 Qb3 32.Nxf6 Nxf6 33.Rxg7 Rg8 34.Rxf7 Ng4 35.Be7 Ra6 36.d6 Rxd6
37.Bxd6 cxd6 38.Qf5  1-0

[Event "TCh-SWE"]
[Site "Helsingborg SWE"]
[Date "2002.10.13"]
[Round "3"]
[White "Von Bahr,O"]
[Black "Hector,J"]
[Result "1/2-1/2"]
[WhiteElo "2320"]
[BlackElo "2590"]

1.e4 e5 2.Nf3 Nc6 3.Bb5 a6 4.Ba4 Nf6 5.O-O b5 6.Bb3 Bb7 7.c3 Nxe4 8.d4 Na5
9.Nxe5 Nxb3 10.Qxb3 Nd6 11.Re1 Be7 12.Nd2 O-O 13.a4 Rb8 14.axb5 axb5 15.Nf1 b4
16.c4 Nf5 17.Qd3 Nh4 18.d5 d6 19.Nc6 Bxc6 20.dxc6 Bf6 21.Ne3 Re8 22.Qd1 Ra8
23.Ra4 Be5 24.Rxb4 Qg5 25.c5 Bxh2+ 26.Kxh2 Rxe3 27.Rg1 Qe5+ 28.Kh1 Re4 29.Rxe4 Qxe4
30.cxd6 Nf5 31.Re1 Qh4+ 32.Kg1 Nxd6 33.Be3 h6 34.Qd4 Qxd4 35.Bxd4 Ra6 36.Rc1 f6
37.f3 Kf7 38.Be3 Ke6 39.Bf4 Kd5 40.Re1 g5 41.Bd2 Rxc6 42.Re7 h5 43.Bb4 Nb5
44.Rh7 h4 45.Be7 Re6 46.b4 Nc3 47.Bd8 c6 48.Rf7 Ke5 49.Be7 Kf5 50.Bc5 Ne2+
51.Kf2 Nf4 52.Kg1 Re1+ 53.Kh2 Nh5 54.Rc7 Rc1 55.Be3 Rc4 56.Bc5 Rc2 57.Rxc6 Nf4
58.Kh1 Nxg2 59.b5 Nf4 60.b6 Rc1+ 61.Kh2 Rb1 62.Bd4 Nh5 63.Rc7 Kf4 64.b7 Kxf3
65.Ba7 Rb2+ 66.Kg1 Ng3 67.Rc3+ Ke4 68.Rxg3 Rxb7 69.Ra3  1/2-1/2

[Event "Essent Open"]
[Site "Hoogeveen NED"]
[Date "2002.10.13"]
[Round "3"]
[White "De Vreugt,D"]
[Black "Van de Oudeweetering,A"]
[Result "1/2-1/2"]
[WhiteElo "2501"]
[BlackElo "2413"]

1.e4 e5 2.Nf3 Nc6 3.Bb5 a6 4.Ba4 Nf6 5.O-O b5 6.Bb3 Bb7 7.d3 Be7 8.Nc3 O-O
9.a3 d6 10.Re1 h6 11.Ne2 Re8 12.Ng3 Bf8 13.Bd2 Qd7 14.c4 bxc4 15.Bxc4 d5
16.exd5 Nxd5 17.Qb3 Nb6 18.Bc3 Nxc4 19.dxc4 f6 20.Rad1 Qc8 21.c5+ Qe6 22.Qxe6+ Rxe6
23.b4 Ne7 24.Bb2 Kf7 25.Nd2 Bd5 26.Ngf1 Rb8 27.Ne3 Bc6 28.Ndc4 g6 29.Na5 Ba4
30.Rd2 Bg7 31.Nec4 Nc6 32.Nxc6 Bxc6 33.Na5 Ba4 34.f3 Ke7 35.Kf2 h5 36.g3  1/2-1/2

[Event "Olympiad w"]
[Site "Bled SLO"]
[Date "2002.10.29"]
[Round "4"]
[White "Guerrero,Ale"]
[Black "Lang,H"]
[Result "1/2-1/2"]
[WhiteElo "2020"]
[BlackElo "2058"]

1.e4 e5 2.Nf3 Nc6 3.Bb5 a6 4.Ba4 Nf6 5.O-O b5 6.Bb3 Bb7 7.c3 Nxe4 8.Re1 d5
9.d3 Nc5 10.Nxe5 Nxe5 11.Rxe5+ Be7 12.Qe2 Nxb3 13.axb3 f6 14.Re6 d4 15.Bf4 Kf7
16.Nd2 Re8 17.Re1 g6 18.c4 Qd7 19.Nf3 Bxf3 20.Qxf3 Bd6 21.Rxe8 Rxe8 22.Qd5+ Kg7
23.Re4 bxc4 24.bxc4 Qa4 25.g3 Rxe4 26.Qxe4 Bxf4 27.gxf4 Qd1+ 28.Kg2 Qg4+
29.Kf1 Qd1+ 30.Kg2 Qg4+  1/2-1/2

[Event "Olympiad w"]
[Site "Bled SLO"]
[Date "2002.11.02"]
[Round "8"]
[White "Quinn,De"]
[Black "Lang,H"]
[Result "0-1"]
[WhiteElo "2050"]
[BlackElo "2058"]

1.e4 e5 2.Nf3 Nc6 3.Bb5 a6 4.Ba4 Nf6 5.O-O b5 6.Bb3 Bb7 7.Re1 Bc5 8.c3 d6
9.d4 Bb6 10.Be3 O-O 11.Nbd2 h6 12.h3 Re8 13.Rc1 exd4 14.cxd4 Nb4 15.Bxf7+ Kxf7
16.Qb3+ Nbd5 17.exd5 Bxd5 18.Qd3 Kg8 19.Bf4 Nh5 20.Rxe8+ Qxe8 21.Re1 Qf7
22.Bh2 Nf4 23.Bxf4 Qxf4 24.Qg6 Qf7 25.Qd3 Rf8 26.a3 Qf4 27.Qg6 Bxd4 28.Ne4 Bf7
29.Qg3 Qxg3 30.Nxg3 Bxb2 31.Re7 Bxa3 32.Rxc7 Rb8  0-1

[Event "Olympiad"]
[Site "Bled SLO"]
[Date "2002.11.05"]
[Round "10"]
[White "Nisipeanu,LD"]
[Black "Kaidanov,G"]
[Result "1/2-1/2"]
[WhiteElo "2613"]
[BlackElo "2646"]

1.e4 e5 2.Nf3 Nc6 3.Bb5 a6 4.Ba4 Nf6 5.O-O b5 6.Bb3 Bb7 7.d3 Be7 8.Nc3 O-O
9.Re1 d6 10.a4 Nd4 11.Nxd4 exd4 12.Ne2 c5 13.Ng3 g6 14.c3 dxc3 15.bxc3 Re8
16.Bg5 Rc8 17.axb5 axb5 18.Qd2 d5 19.exd5 Nxd5 20.Bxe7 Rxe7 21.Ne4 c4 22.dxc4 bxc4
23.Bc2 Re6 24.Red1 Qe7 25.Ra7 Nf6 26.Nxf6+ Rxf6 27.h3  1/2-1/2

[Event "Olympiad w"]
[Site "Bled SLO"]
[Date "2002.11.06"]
[Round "11"]
[White "Xu Yuhua"]
[Black "Olarasu,G"]
[Result "1-0"]
[WhiteElo "2473"]
[BlackElo "2307"]

1.e4 e5 2.Nf3 Nc6 3.Bb5 a6 4.Ba4 Nf6 5.O-O b5 6.Bb3 Bb7 7.d3 Be7 8.c4 bxc4
9.Bxc4 O-O 10.Nc3 d6 11.a3 Bc8 12.h3 Be6 13.Re1 Nd4 14.Nxd4 exd4 15.Nd5 Nxd5
16.Bxd5 Bxd5 17.exd5 Qd7 18.Bd2 Rab8 19.b4 Bd8 20.Qf3 Re8 21.Rxe8+ Qxe8 22.a4 h6
23.Qe4 Qd7 24.a5 f5 25.Qxd4 Bg5 26.Bxg5 hxg5 27.Rc1 Qe7 28.Qa7 Rxb4 29.Qxa6 Qe5
30.Qc6 Rb2 31.Qc4 Qe2 32.Qd4 Rc2 33.Ra1 Qd2 34.a6 Rc1+ 35.Kh2  1-0

[Event "WYg14"]
[Site "Heraklio GRE"]
[Date "2002.11.24"]
[Round "11"]
[White "Majdan,J"]
[Black "Krutika,N"]
[Result "1-0"]
[WhiteElo "2112"]
[BlackElo "2125"]

1.e4 e5 2.Nf3 Nc6 3.Bb5 a6 4.Ba4 Nf6 5.O-O b5 6.Bb3 Bb7 7.Re1 Bc5 8.c3 d6
9.d4 Bb6 10.a4 O-O 11.Bg5 h6 12.axb5 axb5 13.Rxa8 Bxa8 14.Bh4 Qe7 15.Na3 Rb8
16.Qd3 Na5 17.Bc2 c6 18.b4 Nb7 19.c4 bxc4 20.Nxc4 Bc7 21.Ne3 Bd8 22.Nf5 Qc7
23.dxe5 dxe5 24.Bg3 Qb6 25.Bxe5 Rc8 26.Bxf6 Bxf6 27.e5 Rd8 28.exf6 Rxd3 29.Re8+ Kh7
30.fxg7  1-0

[Event "19th WJun Girls"]
[Site "Goa IND"]
[Date "2002.12.12"]
[Round "5"]
[White "Holusova,T"]
[Black "Coimbra,M"]
[Result "1-0"]
[WhiteElo "2106"]
[BlackElo "2082"]

1.e4 e5 2.Nf3 Nc6 3.Bb5 a6 4.Ba4 Nf6 5.O-O b5 6.Bb3 Bb7 7.c3 Nxe4 8.d4 Be7
9.Re1 d5 10.dxe5 Na5 11.Bc2 c5 12.Qe2 O-O 13.Kh1 Qb6 14.Nbd2 Nxd2 15.Bxd2 Nc4
16.Bg5 Rfe8 17.b3 Na3 18.Bf5 Bxg5 19.Nxg5 g6 20.e6 f6 21.Nxh7 gxf5 22.Nxf6+ Kg7
23.Nxe8+ Rxe8 24.Qe5+ Kg6 25.Re3 f4 26.Qxf4 Rxe6 27.Rg3+  1-0

[Event "Rotary Open"]
[Site "Lindsborg Kansas USA"]
[Date "2002.12.19"]
[Round "3"]
[White "Zatonskih,A"]
[Black "Muhammad,S"]
[Result "1-0"]
[WhiteElo "2421"]
[BlackElo "2368"]

1.e4 e5 2.Nf3 Nc6 3.Bb5 a6 4.Ba4 Nf6 5.O-O b5 6.Bb3 Bb7 7.Re1 Bc5 8.c3 d6
9.d3 O-O 10.Nbd2 Ng4 11.Re2 Bb6 12.Nf1 Na5 13.Bg5 Qd7 14.h3 Nxb3 15.axb3 h6
16.Bh4 g5 17.hxg4 gxh4 18.Nxh4 Qxg4 19.Nf5 Kh7 20.Nh2 Qg6 21.Nf3 Rg8 22.N3h4 Qf6
23.Kh2 Rg4 24.g3 Rag8 25.Qf1 Bc8 26.Qh3 d5 27.Rh1 dxe4 28.dxe4 R4g5 29.Nf3 R5g6
30.Kg2 Re8 31.Qh5 a5 32.N3h4 Bxf5 33.Nxf5 Rd8 34.Rc2 Bc5 35.Qe2 Qc6 36.b4 Rf6
37.Rh5 Bb6 38.bxa5 Bxa5 39.Rc1 Qc4 40.Qe3 Rdd6 41.Rch1 Qc6 42.R1h4 Rde6 43.Qg5 Rxf5
44.Qxf5+ Kg7 45.Rg4+ Kf8 46.Qh7 Rf6 47.Rxe5  1-0

[Event "Rotary Open"]
[Site "Lindsborg Kansas USA"]
[Date "2002.12.22"]
[Round "7"]
[White "Ellis,J"]
[Black "Muhammad,S"]
[Result "0-1"]
[WhiteElo "2161"]
[BlackElo "2368"]

1.e4 e5 2.Nf3 Nc6 3.Bb5 a6 4.Ba4 Nf6 5.O-O b5 6.Bb3 Bb7 7.Re1 Bc5 8.c3 d6
9.d4 Bb6 10.Bg5 h6 11.Bh4 g5 12.Bg3 O-O 13.a4 exd4 14.cxd4 Nh5 15.Nc3 Nxg3
16.hxg3 g4 17.Nh4 Nxd4 18.Qxg4+ Qg5 19.Qd1 Nxb3 20.Qxb3 Qxg3 21.Nf5 Bxf2+
22.Kf1 Qf4 23.Re2 Bb6+ 24.Ke1 Rae8 25.Nd5 Bxd5 26.Qxd5 Ba5+  0-1

[Event "AIG Life rapid QF3"]
[Site "Warsaw POL"]
[Date "2002.12.22"]
[Round "2"]
[White "Miroshnichenko,E"]
[Black "Malaniuk,V"]
[Result "1/2-1/2"]
[WhiteElo "2548"]
[BlackElo "2556"]

1.e4 e5 2.Nf3 Nc6 3.Bb5 a6 4.Ba4 Nf6 5.O-O b5 6.Bb3 Bb7 7.Qe2 Bc5 8.c3 d6
9.Rd1 Ba7 10.d4 Qe7 11.d5 Na5 12.Bc2 c6 13.a4 Nc4 14.b3 Nb6 15.dxc6 Bxc6
16.Ba3 Nc8 17.axb5 axb5 18.Nbd2 O-O 19.Nf1 Ng4 20.Ne3 Nxe3 21.fxe3 Qb7 22.Nd2 Bc5
23.Bxc5 Rxa1 24.Rxa1 dxc5 25.Nf1 Nd6 26.Ng3 Nxe4 27.Bxe4 Bxe4 28.Qg4 f5 29.Qe2 Bd5
30.b4 cxb4 31.cxb4 f4 32.exf4 exf4 33.Nf1 Qb6+ 34.Qf2 Qxf2+ 35.Kxf2 Rc8 36.Rd1 Rc2+
37.Rd2 Rxd2+ 38.Nxd2 Kf7 39.g3 g5 40.h4 fxg3+ 41.Kxg3 gxh4+ 42.Kxh4 Kf6 43.Kh5 Ke5
44.Nb1 Kf6 45.Nd2  1/2-1/2

[Event "32nd Rilton Cup"]
[Site "Stockholm SWE"]
[Date "2002.12.30"]
[Round "4"]
[White "Wedberg,T"]
[Black "Furhoff,J"]
[Result "1/2-1/2"]
[WhiteElo "2530"]
[BlackElo "2302"]

1.e4 e5 2.Nf3 Nc6 3.Bb5 a6 4.Ba4 Nf6 5.O-O b5 6.Bb3 Bb7 7.d3 Bd6 8.a3 O-O
9.Nc3 Ne7 10.Nh4 c6 11.Bg5 Ng6 12.Nf5 Be7 13.Qf3 h6 14.Be3 d6 15.d4 Bc8 16.Rad1 Qc7
17.Qg3 Kh7 18.Qh3 Bxf5 19.exf5 Nf4 20.Qf3 N4d5 21.Nxd5 cxd5 22.dxe5 dxe5
23.c3 Rad8 24.Bxd5 Bc5 25.Bxc5 Qxc5 26.Bb3 e4 27.Qf4 Kg8 28.h3 Rfe8 29.Rfe1 Rxd1
30.Rxd1 e3 31.fxe3 Rxe3 32.Qd4 Qxd4 33.Rxd4 Kf8 34.Rd8+ Ke7 35.Ra8 Re1+ 36.Kh2 Re2
37.Ra7+ Nd7 38.Bxf7 Kxf7 39.Rxd7+ Kf6 40.b4 Re3 41.g4 Rxc3 42.Rd6+ Ke5 43.Rxa6 Kf4
44.Kg2 Rg3+ 45.Kf2 Rxh3 46.Rg6 h5 47.gxh5 Rxh5 48.Rxg7 Kxf5 49.Re7 Rh3 50.Re3 Rh2+
51.Kg3 Ra2 52.Kf3 Ra1 53.Ke2 Kf4 54.Rh3 Ra2+ 55.Kd1 Ke4 56.Kc1 Kd4 57.Kb1 Rg2
58.Rh5 Kc3 59.Rc5+  1/2-1/2

[Event "32nd Rilton Cup"]
[Site "Stockholm SWE"]
[Date "2003.01.02"]
[Round "6"]
[White "Handke,F"]
[Black "Barkhagen,J"]
[Result "0-1"]
[WhiteElo "2504"]
[BlackElo "2458"]

1.e4 e5 2.Nf3 Nc6 3.Bb5 a6 4.Ba4 Nf6 5.O-O b5 6.Bb3 Bb7 7.d3 Bc5 8.a4 O-O
9.Bg5 h6 10.Bh4 g5 11.Bg3 d6 12.c3 Rb8 13.axb5 axb5 14.d4 Bb6 15.Qd3 Kg7
16.Nbd2 Nh5 17.Bd5 Nxg3 18.hxg3 exd4 19.Bxc6 Bxc6 20.cxd4 Qf6 21.b4 Rfe8
22.d5 Bd7 23.Nb3 Ra8 24.Na5 g4 25.Nd2 Bxf2+ 26.Kh2 Re5  0-1

[Event "GMB"]
[Site "Wijk aan Zee NED"]
[Date "2003.01.11"]
[Round "1"]
[White "De Vreugt,D"]
[Black "Hector,J"]
[Result "0-1"]
[WhiteElo "2504"]
[BlackElo "2570"]

1.e4 e5 2.Nf3 Nc6 3.Bb5 a6 4.Ba4 Nf6 5.O-O b5 6.Bb3 Bb7 7.Re1 Bc5 8.c3 d6
9.d4 Bb6 10.Be3 O-O 11.Nbd2 h6 12.h3 Re8 13.Qb1 Nb8 14.Bc2 Nbd7 15.b4 d5
16.dxe5 dxe4 17.Nxe4 Nxe5 18.Nxe5 Rxe5 19.Rd1 Qe7 20.Bc5 Bxc5 21.Nxc5 Bc6
22.Qc1 Rg5 23.g3 Qe2 24.Rd3 Rxc5 25.bxc5 Ne4  0-1

[Event "GMB"]
[Site "Wijk aan Zee NED"]
[Date "2003.01.24"]
[Round "11"]
[White "Karjakin,Sergey"]
[Black "Hector,J"]
[Result "1/2-1/2"]
[WhiteElo "2547"]
[BlackElo "2570"]

1.e4 e5 2.Nf3 Nc6 3.Bb5 a6 4.Ba4 Nf6 5.O-O b5 6.Bb3 Bb7 7.c3 Nxe4 8.d4 Na5
9.Bc2 exd4 10.Nxd4 c5 11.Nf5 d5 12.Nd2 g6 13.Ng3 Be7 14.Ndxe4 dxe4 15.Qe2 O-O
16.Bxe4 Qc7 17.Qf3 Bxe4 18.Nxe4 Qc6 19.Bh6 f5 20.Ng5 Qxf3 21.Nxf3 Rfe8 22.Rad1 Rad8
23.Rxd8 Rxd8 24.Re1 Bf6 25.h4 Nc4 26.Re6 Rd1+ 27.Kh2 Rd6 28.Re2 Kf7 29.b3 Nb6
30.Ng5+ Bxg5 31.Bxg5 Nd5 32.Rd2 Ke6 33.Re2+ Kd7 34.c4 bxc4 35.bxc4 Nb6 36.Re7+ Kc6
37.Bf4 Rd7 38.Re6+ Kb7 39.Bd6 Nxc4 40.Bxc5 Rd5 41.Bf8 Rd2 42.Re7+ Kc6 43.Rxh7 Rxf2
44.Rh6 Ne5 45.Bg7 Ng4+ 46.Kg3 Nxh6 47.Kxf2 Nf7 48.Ke3 Kd5 49.Kf4 Ke6 50.g4  1/2-1/2

[Event "GMB"]
[Site "Wijk aan Zee NED"]
[Date "2003.01.26"]
[Round "13"]
[White "Stellwagen,D"]
[Black "Hector,J"]
[Result "1-0"]
[WhiteElo "2427"]
[BlackElo "2570"]

1.e4 e5 2.Nf3 Nc6 3.Bb5 a6 4.Ba4 Nf6 5.O-O b5 6.Bb3 Bb7 7.d3 Bc5 8.Nc3 O-O
9.a4 b4 10.Nd5 Na5 11.Bg5 Be7 12.Nxe7+ Qxe7 13.Ba2 h6 14.Bd2 c5 15.Nh4 d5
16.Nf5 Qd7 17.f4 exf4 18.Bxf4 dxe4 19.Be5 Ne8 20.Bxg7 Nxg7 21.Qg4 Qxf5 22.Rxf5 b3
23.cxb3 Bc8 24.dxe4 Nc6 25.Raf1 Nd4 26.b4 cxb4 27.Rxf7 Bxg4 28.Rxf8+ Kh7
29.Bg8+ Kg6 30.Rxa8 Be2 31.Rf2 Bd3 32.Rd8 Ne2+ 33.Kh1 Nc1 34.Rd6+  1-0

[Event "GMA"]
[Site "Bermuda BER"]
[Date "2003.01.29"]
[Round "5"]
[White "Svidler,P"]
[Black "Christiansen,L"]
[Result "1-0"]
[WhiteElo "2693"]
[BlackElo "2562"]

1.e4 e5 2.Nf3 Nc6 3.Bb5 a6 4.Ba4 Nf6 5.O-O b5 6.Bb3 Bb7 7.c3 Nxe4 8.d4 Na5
9.Bc2 exd4 10.Nxd4 c5 11.Nf5 Qf6 12.Nd2 d5 13.Nxe4 dxe4 14.Ng3 Be7 15.Nxe4 Qc6
16.Qh5 g6 17.Qh3 O-O 18.b3 Rfe8 19.Re1 Bf8 20.Bf4 h5 21.Qg3 Re6 22.Re3 f5
23.Ng5 Rxe3 24.fxe3 h4 25.Qh3 Bd6 26.Bxd6 Qxd6 27.Qxh4 Qe7 28.e4 fxe4 29.Rf1 Bd5
30.Bxe4 Rd8 31.Bxd5+  1-0

[Event "National I"]
[Site "Drancy FRA"]
[Date "2003.02.02"]
[Round "3"]
[White "Bernard,Ja"]
[Black "Geenen,M"]
[Result "1-0"]
[WhiteElo "2201"]
[BlackElo "2345"]

1.e4 e5 2.Nf3 Nc6 3.Bb5 a6 4.Ba4 Nf6 5.O-O b5 6.Bb3 Bb7 7.d3 Be7 8.Nc3 O-O
9.a4 Na5 10.axb5 Nxb3 11.cxb3 axb5 12.Rxa8 Bxa8 13.Nxb5 c5 14.Bg5 h6 15.Bxf6 Bxf6
16.Qc2 Qb6 17.Nc3 Rb8 18.Nd2 Bg5 19.Nc4 Qxb3 20.Qxb3 Rxb3 21.g3 f5 22.Ra1 Bb7
23.Nxe5 fxe4 24.Nxe4 Bxe4 25.dxe4 Rxb2 26.Ra8+ Kh7 27.Nxd7 c4 28.Rc8 Rc2
29.Nf8+ Kg8 30.Ne6+ Kf7 31.Nxg5+ hxg5 32.h3 Kf6 33.Rc5 c3 34.Kg2 Rc1 35.Kf3 g6
36.Ke3 Re1+ 37.Kd3 Rf1 38.Ke2 Rc1 39.Kf3 Rc2 40.Rc6+ Kg7 41.Kg4 Kh6 42.f3 Rc1
43.Rc5 Rc2 44.Rc7 Rc1 45.Rc5 Rc2 46.Rxg5 Re2 47.Rc5 c2 48.Rc7 Rd2 49.e5  1-0

[Event "Tch-SWE 2002-3"]
[Site "Sweden SWE"]
[Date "2003.02.08"]
[Round "7"]
[White "Gdanski,J"]
[Black "Hector,J"]
[Result "0-1"]
[WhiteElo "2506"]
[BlackElo "2570"]

1.e4 e5 2.Nf3 Nc6 3.Bb5 a6 4.Ba4 Nf6 5.O-O b5 6.Bb3 Bb7 7.d3 Bc5 8.a4 O-O
9.Nc3 b4 10.Nd5 Na5 11.Bg5 Be7 12.Nxe7+ Qxe7 13.Ba2 h6 14.Bh4 c5 15.Nd2 g5
16.Bg3 d6 17.c3 bxc3 18.bxc3 Bc8 19.d4 cxd4 20.cxd4 Nc6 21.dxe5 dxe5 22.Bd5 Nxd5
23.exd5 Nd4 24.Nc4 f6 25.Nb6 Rb8 26.a5 Bf5 27.f4 gxf4 28.Bxf4 Qg7 29.Ra3 h5
30.Qd2 Qe7 31.Ra4 Nb3 32.Qe3 Qc5 33.Bh6 Bd3 34.Rf2 Qxe3 35.Bxe3 Bb5 36.Ra3 Nd4
37.Rd2 Nf5 38.Bc5 Rf7 39.Rf3 Ng7 40.d6 Rd8 41.Nd5 f5 42.Re3 e4 43.Nf4 Rc8
44.Rd5 Rb7 45.Rg3 Bc6 46.Rd2 Kf7 47.Bb6 Bd7 48.h4 Rc1+ 49.Kh2 Rf1 50.Ng6 f4
51.Ne5+ Kg8 52.Rg5 e3 53.Rc2 Rd1 54.Nf3 Rxd6  0-1

[Event "Bundesliga 2002-3"]
[Site "Emsdetten GER"]
[Date "2003.02.09"]
[Round "11"]
[White "Hracek,Z"]
[Black "Beliavsky,A"]
[Result "0-1"]
[WhiteElo "2601"]
[BlackElo "2649"]

1.e4 e5 2.Nf3 Nc6 3.Bb5 a6 4.Ba4 Nf6 5.O-O b5 6.Bb3 Bb7 7.d3 Be7 8.a4 O-O
9.Re1 d6 10.Nbd2 Na5 11.Ba2 c5 12.Nf1 b4 13.Ne3 Bc8 14.Nc4 Nc6 15.h3 Rb8
16.Bd2 Ne8 17.Ne3 Nc7 18.Nd5 Be6 19.Nxc7 Qxc7 20.Bc4 Qc8 21.b3 h6 22.Bc1 f5
23.Qe2 f4 24.Bb2 Kh7 25.Bxe6 Qxe6 26.Nh2 Bd8 27.Qf3 Qe8 28.Kf1 Ne7 29.Re2 Ng6
30.Qh5 Rf7 31.Nf3 Nf8 32.Qg4 g5 33.Qh5 Ne6 34.Ree1 Ng7 35.Qg4 h5 36.Nxg5+ Kg6
37.Nxf7+ hxg4 38.Nxd6 Qe6 39.Nc4 Bf6 40.Ke2 gxh3 41.gxh3 Qxh3 42.Nd2 Ne6
43.Rg1+ Kf7 44.Nf3 Nd4+ 45.Bxd4 cxd4 46.Rh1 Qc8 47.Rac1 Rb6 48.Rh7+ Ke6 49.Rh6 Rc6
50.Kd2 Qf8 51.Rh5 Qc5 52.Rh6 Qc3+ 53.Kd1 Rc8 54.Ng5+ Ke7 55.Rh7+ Ke8 56.Nf3 Kf8
57.Ke2 Bg7 58.Rh5 Qb2 59.Kd1 Rc6 60.Rh1 Rg6 61.Kd2 Qc3+ 62.Ke2 Qc8 63.Rh5 Rc6
64.Rf5+ Ke7 65.Kd2 Rg6 66.Ke2 Qc3 67.Rh5 Rg2 68.Rhh1 Qc8 69.Rh4 Bf6 70.Rh7+ Ke6
71.Rhh1 Qc3 72.Rh6 Qb2 73.Rhh1 Ke7 74.Rh7+ Kd6 75.Rhh1 Ke6 76.Rhf1 Rg8 77.Rh1 Rh8
78.Rhg1 Rh3 79.Rgf1 Qc3 80.Rg1 Qc8  0-1

[Event "TCh-BEL 2002-3"]
[Site "Belgium BEL"]
[Date "2003.02.23"]
[Round "9"]
[White "Van den Doel,E"]
[Black "Kishnev,S"]
[Result "1-0"]
[WhiteElo "2587"]
[BlackElo "2502"]

1.e4 e5 2.Nf3 Nc6 3.Bb5 a6 4.Ba4 Nf6 5.O-O b5 6.Bb3 Bb7 7.c3 Nxe4 8.d4 Na5
9.Bc2 exd4 10.Nxd4 c5 11.Nf5 d5 12.Nd2 g6 13.Ng3 f5 14.Nxf5 Nxd2 15.Bxd2 gxf5
16.Bxf5 Qh4 17.g3 Rg8 18.Qe2+ Be7 19.Qe6 Rg7 20.Bh6 Qf6 21.Bxg7 Qxg7 22.b4 Rd8
23.bxa5 Rd6 24.Qe3 d4 25.cxd4 cxd4 26.Qe2 Rf6 27.Be4 Bc8 28.Rac1 Bg4 29.Qd3 Re6
30.Bf3 Bh3 31.Bh5+ Kd7 32.Rfd1 Bd6 33.Qf3 Re7 34.Qc6+  1-0

[Event "Open"]
[Site "Cappelle la Grande FRA"]
[Date "2003.02.23"]
[Round "2"]
[White "Zawadzki,S"]
[Black "Pavasovic,D"]
[Result "1-0"]
[WhiteElo "2363"]
[BlackElo "2573"]

1.e4 e5 2.Nf3 Nc6 3.Bb5 a6 4.Ba4 Nf6 5.O-O b5 6.Bb3 Bb7 7.d3 Bd6 8.a4 O-O
9.Nc3 b4 10.Ne2 Na5 11.Ba2 h6 12.Ng3 Re8 13.Bd2 c5 14.Nh4 Bf8 15.f4 exf4
16.Rxf4 d5 17.Nh5 Nh7 18.Nf5 g6 19.Rg4 c4 20.Qf3 Nc6 21.Qf4 g5 22.exd5 Ne5
23.Bxc4 Nxg4 24.Qxg4 Nf6 25.Nxf6+ Qxf6 26.Rf1 Bc8 27.d6 Bxd6 28.Bxf7+ Kh7
29.Bxe8 Qe5 30.Bc6 Qxh2+ 31.Kf2 Ra7 32.Be4 Rf7 33.Ke1 Bxf5 34.Rxf5  1-0

[Event "Open"]
[Site "Cappelle la Grande FRA"]
[Date "2003.02.24"]
[Round "3"]
[White "Aseev,K"]
[Black "Potapov,A1"]
[Result "1-0"]
[WhiteElo "2556"]
[BlackElo "2500"]

1.e4 e5 2.Nf3 Nc6 3.Bb5 a6 4.Ba4 Nf6 5.O-O b5 6.Bb3 Bb7 7.Re1 Bc5 8.c3 d6
9.d4 Bb6 10.Be3 O-O 11.Nbd2 h6 12.h3 exd4 13.cxd4 Nb4 14.Qb1 c5 15.a3 Nc6
16.d5 Ne7 17.Nf1 Ng6 18.Ng3 c4 19.Bc2 Bxe3 20.Rxe3 Nd7 21.Nd4 Nde5 22.Ngf5 Kh7
23.Rg3 Rg8 24.Qc1 Qf6 25.Qd2 Rae8 26.Re1 Bc8 27.f4 Nd7 28.Rf3 Nc5 29.Rf2 Kh8
30.Kh2 Bd7 31.g4 Bxf5 32.Nxf5 Rd8 33.g5 Qxb2 34.gxh6 gxh6 35.Nxh6 Rg7 36.e5 Nd3
37.Bxd3 Qxd2 38.Rxd2 cxd3 39.e6 fxe6 40.dxe6 Rf8 41.Nf7+ Kg8 42.f5 Nh4 43.Rxd3 Nxf5
44.Rf3 Rgxf7 45.exf7+ Rxf7 46.Ref1 Nh6 47.Rxf7 Nxf7 48.Rf6 a5 49.h4 Kg7 50.Re6 b4
51.a4 Ne5 52.Rxd6 Nc4 53.Rd5 b3 54.Rb5 b2 55.Kg3 Kh6 56.Kf2 Nd2 57.Rxb2 Ne4+
58.Ke3 Nc3 59.Kd4 Nxa4 60.Rb5 Kh7 61.Ke4  1-0

[Event "X Anibal Open"]
[Site "Linares ESP"]
[Date "2003.03.01"]
[Round "2"]
[White "Rodriguez Guerrero,E"]
[Black "Beliavsky,A"]
[Result "0-1"]
[WhiteElo "2450"]
[BlackElo "2649"]

1.e4 e5 2.Nf3 Nc6 3.Bb5 a6 4.Ba4 Nf6 5.O-O b5 6.Bb3 Bb7 7.Re1 Bc5 8.c3 d6
9.d4 Bb6 10.Be3 O-O 11.Nbd2 Rb8 12.h3 Re8 13.Qb1 h6 14.a3 Nh7 15.Qd3 Qf6
16.Bc2 Nf8 17.b4 Ng6 18.Nf1 Nf4 19.Qd1 Ne7 20.Kh2 Neg6 21.g3 Ne6 22.d5 Ng5
23.Kg2 Bc8 24.Nxg5 hxg5 25.Qh5 Bxe3 26.Nxe3 Bd7 27.a4 Rec8 28.axb5 axb5 29.Ra7 Ra8
30.Rea1 Rxa7 31.Rxa7 Nf8 32.Bb3 g6 33.Qe2 Nh7 34.Bc2 Qd8 35.Bd3 Rb8 36.Qa2 Nf6
37.Qa5 Ne8 38.f3 Qc8 39.Kh2 Kg7 40.Qa2 Nf6 41.Qa5 Qh8 42.Bf1 g4 43.Nxg4 Bxg4
44.fxg4 Qh6 45.h4 Qd2+ 46.Bg2 Nxg4+ 47.Kh3 Ne3 48.Qa2 Qxc3 49.Ra3 Qe1 50.Qa1 Nxg2
51.Kxg2 Qxe4+ 52.Kh2 Qxd5 53.Rc3 Ra8 54.Qf1 Ra2+ 55.Kh3 c6  0-1

[Event "X Anibal Open"]
[Site "Linares ESP"]
[Date "2003.03.05"]
[Round "6"]
[White "Del Rio Angelis,S"]
[Black "Beliavsky,A"]
[Result "1/2-1/2"]
[WhiteElo "2487"]
[BlackElo "2649"]

1.e4 e5 2.Nf3 Nc6 3.Bb5 a6 4.Ba4 Nf6 5.O-O b5 6.Bb3 Bb7 7.Re1 Bc5 8.c3 d6
9.d4 Bb6 10.a3 h6 11.Bc2 O-O 12.h3 Ne7 13.Nbd2 Ng6 14.Nf1 Re8 15.Ng3 Qb8
16.b3 Bc6 17.c4 Qb7 18.d5 Bd7 19.cxb5 axb5 20.Be3 Ra6 21.b4 Rea8 22.Bxb6 Qxb6
23.Re3 Nf4 24.Rc3 g5 25.Qd2 Kh8 26.Qe3 Qb8 27.Nh2 Qc8 28.Ne2 c5 29.dxc6 Rxc6
30.Rxc6 Qxc6 31.Bb3 Nxe4 32.Nxf4 gxf4 33.Qd3 Be6 34.Bxe6 fxe6 35.Re1 d5 36.Ng4 Qc7
37.Rxe4 dxe4 38.Qxe4 Rg8 39.Nxe5 Qg7 40.Nd3 Qg6 41.Qe5+ Kh7 42.Nxf4 Qf5 43.Qe3 Rg7
44.g3 e5 45.Nd3 Rd7 46.Nxe5 Re7 47.f4 Rc7 48.Nd3 Qxh3 49.Qe4+ Kg8 50.Qe8+ Kh7
51.Qe4+  1/2-1/2

[Event "X Anibal Open"]
[Site "Linares ESP"]
[Date "2003.03.06"]
[Round "7"]
[White "Inarkiev,E"]
[Black "Vasquez,R"]
[Result "1/2-1/2"]
[WhiteElo "2566"]
[BlackElo "2481"]

1.e4 e5 2.Nf3 Nc6 3.Bb5 a6 4.Ba4 Nf6 5.O-O b5 6.Bb3 Bb7 7.d3 Bd6 8.a3 O-O
9.Nc3 h6 10.Be3 Ng4 11.Bd2 Bc5 12.Bd5 d6 13.b4 Bb6 14.Bb3 Ne7 15.a4 c6 16.Nh4 Nf6
17.Qf3 Nh7 18.Kh1 Kh8 19.Be3 Bd4  1/2-1/2